| 000 | 00436nam a22001577a 4500 | ||
|---|---|---|---|
| 005 | 20150507112255.0 | ||
| 008 | 150507b xxu||||| |||| 00| 0 eng d | ||
| 020 | _a9789699325045 | ||
| 040 | _cPK-LaUMT | ||
| 082 |
_aKHC R 492.75 _bMAZ-T |
||
| 100 | _aمظہرمعین | ||
| 245 |
_aتعلیم اللغۃ العربیۃ _cمظہرمعین |
||
| 260 |
_aلاہور _bکلیہ علوم شرقیھ _c2010 |
||
| 300 | _a96 ص | ||
| 942 | _cBK | ||
| 999 |
_c70899 _d70899 |
||